00325nam a2200097Ia 4500008004100000041000800041100002400049245010400073260003100177999001900208241105s9999 xx 000 0 und d aeng aPendharkar Sangeeta aFeasibility Study Of Generation Of Energy From Municipal Solid Waste In Case Of Nagpur, Maharashtra bBNCA M Arch EA, Punec2017 c361483d361483